Billboard Hot Country chart leaders - Statistics

General Stats
  • This quiz has been taken 18 times
  • The average score is 17 of 52
Answer Stats
Number of #1 tracks Decades with #1s Artist % Correct
19 1980s - 2000s Garth Brooks
85%
15 1950s - 1980s George Jones
77%
44 1980s - 2000s George Strait
77%
20 1990s - 2000s Brooks & Dunn
69%
16 1960s - 1970s Loretta Lynn
69%
25 1980s - 2010s Reba McEntire
69%
25 1970s - 2000s Dolly Parton
62%
10 1970s - 1980s Hank Williams, Jr.
62%
26 1990s - 2010s Tim McGraw
62%
26 1990s - 2010s Alan Jackson
54%
17 1970s - 1980s Don Williams
54%
38 1960s - 2000s Merle Haggard
54%
11 1980s Rosanne Cash
54%
20 1990s - 2010s Toby Keith
54%
41 1960s - 1980s Conway Twitty
46%
23 1990s - 2010s Kenny Chesney
46%
21 1970s - 1990s Kenny Rogers
46%
16 1980s - 2000s Randy Travis
46%
20 1960s - 1970s Tammy Wynette
46%
15 1970s - 1980s Waylon Jennings
46%
22 1970s - 2000s Willie Nelson
46%
14 2000s - 2010s Blake Shelton
38%
14 2000s - 2010s Carrie Underwood
38%
16 1990s - 2010s Keith Urban
38%
34 1980s - 2010s Alabama
31%
13 1980s - 1990s Clint Black
31%
14 1980s Naomi Judd
31%
18 1980s - 1990s Wynonna
31%
19 1990s - 2010s Brad Paisley
23%
29 1960s - 1980s Charley Pride
23%
12 2000s - 2020s Luke Bryan
23%
17 1970s - 1980s Mickey Gilley
23%
10 1980s - 1990s Ricky Van Shelton
23%
12 2000s - 2010s Rascal Flatts
15%
17 1970s - 1980s The Oak Ridge Boys
15%
18 1970s - 1980s Crystal Gayle
8%
11 1980s - 1990s Dan Seals
8%
11 2000s - 2010s Dierks Bentley
8%
18 1980s Earl Thomas Conley
8%
17 1970s - 1980s Eddie Rabbitt
8%
10 1980s Exile
8%
11 1950s - 1970s Marty Robbins
8%
11 1980s Ricky Skaggs
8%
11 1970s - 1980s Tanya Tucker
8%
10 1970s - 1980s Anne Murray
0%
21 1960s - 1980s Buck Owens
0%
10 1970s - 1980s Janie Fricke
0%
35 1970s - 1980s Ronnie Milsap
0%
21 1960s - 1970s Sonny James
0%
10 1980s - 1990s Steve Wariner
0%
14 1970s - 1980s T.G. Sheppard
0%
10 1970s - 1980s The Bellamy Brothers
0%
No matching quizzes found
Score Distribution
Percent of People with Each Score
Percentile by Number Answered
Your Score History
You have not taken this quiz